000 00617nam a22002177a 4500
005 20250902111616.0
008 250902b |||||||| |||| 00| 0 eng d
037 _cTB
040 _aCRL
_cCRL
041 _2URD
_aURD
084 _aO168,1N30x P0
_bCRL
100 _aWarsi, Aziz
_9819693
245 _aGhazaliyat-e-Aziz
260 _aDelhi, India:
_bS A Publications,
_c2000.
300 _a112p.
365 _b80
_cINR
650 _aUrdu Literature
650 _aUrdu Poetry
942 _2CC
_cTB
_hO168,1N30x P0
_n0
999 _c1435040
_d1435040